CCNA: Cisco Certified Network Associate. Exam (200-301). Workbook
Salvato in:
| Natura: | Sconosciuto |
|---|---|
| Pubblicazione: |
London, United Kingdom:
IPSpecialist LTD,
2022.
|
| Edizione: | First edition. |
| Soggetti: | |
| Tags: |
Aggiungi Tag
Nessun Tag, puoi essere il primo ad aggiungerne!!
|
MARC
| LEADER | 00000 a2200000 4500 | ||
|---|---|---|---|
| 003 | CL-VaPUC | ||
| 005 | 20230510121023.0 | ||
| 008 | 230504t2022 ||||| |||| 00| 0 eng d | ||
| 999 | |c 440617 |d 440615 | ||
| 020 | |a 979-8624045088 | ||
| 040 | |c Pontificia Universidad Católica de Valparaíso | ||
| 082 | 7 | |a 004.6 CIS 2022 |2 22 | |
| 245 | |a CCNA: Cisco Certified Network Associate. |b Exam (200-301). Workbook | ||
| 250 | |a First edition. | ||
| 260 | |a London, United Kingdom: |b IPSpecialist LTD, |c 2022. | ||
| 300 | |a 490 páginas. | ||
| 583 | |k GC |c 20230504 | ||
| 650 | 0 | |a Redes informáticas |9 334846 |v Exámenes | |
| 650 | 0 | |a Procesamiento electrónico de datos |x Certificación de personal |9 882020 | |
| 942 | |2 ddc |c BK | ||
| 952 | |0 0 |1 0 |2 ddc |4 0 |6 004_600000000000000_CIS_2022 |7 0 |8 A |9 589882 |a BIBING |b BIBING |c GEN |d 2023-05-04 |e 1 |g 38037.33 |i 5657329 |o 004.6 CIS 2022 |p 5657329 |r 2024-01-25 |t 3 |v 38037.33 |w 2023-05-04 |y BK |k EIE | ||
| 952 | |0 0 |1 0 |2 ddc |4 0 |6 004_600000000000000_CIS_2022 |7 0 |8 A |9 589883 |a BIBING |b BIBING |c GEN |d 2023-05-04 |e 1 |g 38037.33 |i 5657328 |o 004.6 CIS 2022 |p 5657328 |r 2024-01-25 |t 2 |v 38037.33 |w 2023-05-04 |y BK |k EIE | ||
| 952 | |0 0 |1 0 |2 ddc |4 0 |6 004_600000000000000_CIS_2022 |7 0 |8 A |9 589884 |a BIBING |b BIBING |c GEN |d 2023-05-04 |e 1 |g 38037.33 |i 5657327 |o 004.6 CIS 2022 |p 5657327 |r 2024-01-25 |t 1 |v 38037.33 |w 2023-05-04 |y BK |k EIE | ||